000
00247nam a2200097Ia 4500
001
1250651
005
20251031150900.0
008
251031s9999 xx 000 0 und d
245
0
_c
OKTAY SİNANOĞLU
_a
D-4 ADAM
260
_b
BİLİM GÖNÜL YAYINLARI
999
_c
1250651
_d
1250651